| 000 | 00935nam a2200265 i 4500 | ||
|---|---|---|---|
| 001 | 16719 | ||
| 003 | ES-MaACL | ||
| 005 | 20250718234741.0 | ||
| 007 | t| | ||
| 008 | 001026s2000 sp ||||1| spa d | ||
| 020 | _a84-8432-051-0 | ||
| 080 | _a929 Hobsbawm, E.J.(049.3) | ||
| 100 | 1 |
_aHobsbawm, E. J. ( _d1917-2012) _963862 |
|
| 245 | 1 | 0 |
_aEntrevista sobre el siglo XXI / _cEric Hobsbawm ; al cuidado de Antonio Polito ; prólogo de Josep Fontana ; traducción castellana de Gonzalo Pontón. |
| 260 |
_aBarcelona : _bCrítica, _c[2000] |
||
| 300 |
_a220 p. ; _c23 cm. |
||
| 490 | 1 | _aBiblioteca Eric Hobsbawm | |
| 600 | 1 | 4 |
_aHobsbawm, E. J. ( _d1917-2012) _963862 |
| 700 | 1 |
_aPolito, Antonio. _992834 |
|
| 700 | 1 |
_aFontana, Josep, _d1931-2018 _951600 |
|
| 700 | 1 |
_aPontón, Gonzalo. _993064 |
|
| 830 | 0 |
_aBiblioteca Eric Hobsbawm _9183044 |
|
| 852 |
_aES-MaACL _jL-23872 _bR.128652 |
||
| 999 |
_c16719 _d16719 |
||